6ο συμπόσιο ''Η κοινωνική μέριμνα στις ελληνικές κοινότητες της Μικράς Ασίας κατά τους νεότερους χρόνους'' : 22, 23, & 24 Νοεμβρίου 2013
Saved in:
| Corporate Author: | |
|---|---|
| Format: | Conference Proceeding Book |
| Language: | Greek |
| Published: |
Νέα Ιωνία :
ΚΕ.ΜΙ.ΠΟ.,
2014.
|
| Subjects: | |
| Tags: |
Add Tag
No Tags, Be the first to tag this record!
|
MARC
| LEADER | 00000cam a2200000 a 4500 | ||
|---|---|---|---|
| 001 | 1/121367 | ||
| 008 | 200515s2014####gr a|||||| |||| ||gre|| | ||
| 020 | |a 9786188158801 | ||
| 040 | |a GR-MyUa |b gre |c GR-MyUa |e AACR2 | ||
| 041 | 0 | |a gre | |
| 082 | 7 | |a 938.991 |2 (23) | |
| 111 | 2 | |a Συμπόσιο ''Η κοινωνική μέριμνα στις ελληνικές κοινότητες της Μικράς Ασίας κατά τους νεότερους χρόνους'' |n 6ο |d 2013 |c Νέα Ιωνία. | |
| 245 | 1 | 0 | |a 6ο συμπόσιο ''Η κοινωνική μέριμνα στις ελληνικές κοινότητες της Μικράς Ασίας κατά τους νεότερους χρόνους'' : |b 22, 23, & 24 Νοεμβρίου 2013 / |c Δήμος Νέας Ιωνίας. Κέντρο Σπουδής & Ανάδειξης Μικρασιατικού Πολιτισμού ; επιμέλεια: Χάρης Σαπουντζάκης, Λουκάς Χριστοδούλου. |
| 246 | 1 | |a Η κοινωνική μέριμνα στις ελληνικές κοινότητες της Μικράς Ασίας κατά τους νεότερους χρόνους | |
| 260 | |a Νέα Ιωνία : |b ΚΕ.ΜΙ.ΠΟ., |c 2014. | ||
| 300 | |a 243 σ. : |b εικ.; |c 24 εκ. | ||
| 650 | 0 | |a Greeks |z Turkey |x Economic conditions |v Congresses. | |
| 650 | 0 | |a Greeks |z Turkey |x Social conditions |v Congresses. | |
| 852 | |a INST |b LESVOS |e 20200515 |h 938.991 ΚΟΙ |p 005100062442 |q 005100062442 |t BK |y 0 | ||
| 920 | |a Δήμος Νέας Ιωνίας |y Λέσβος |z 2015-01 | ||
| 970 | |a Δημάκη |b Μαρία |z 15-05-2020 | ||